Analýza fungovania sústavy riadenia investičného procesu v čsl. národnom hospodárstve 1. etapa riešenia čiastkovej výskumnej úlohy SPEV 902-533-402/02

Uložené v:
Podrobná bibliografia
Médium: Kniha
Jazyk:Slovak
Vydavateľské údaje: Bratislava Výskumný ústav národohospodársky VŠE 1986
Tagy: Pridať tag
Žiadne tagy, Buďte prvý, kto otaguje tento záznam!

MARC

LEADER 00000nam a2200000 4500
001 c033292
005 20260325115454.2
041 0 |a slo 
044 |a SK 
245 1 0 |a Analýza fungovania sústavy riadenia investičného procesu v čsl. národnom hospodárstve  |b 1. etapa riešenia čiastkovej výskumnej úlohy SPEV 902-533-402/02 
264 1 |a Bratislava  |b Výskumný ústav národohospodársky VŠE  |c 1986 
300 |a 98 s.